000 01726nam a2200241Ia 4500
008 260220t1995||||xx |||||||||||||| ||spa||
040 _aPY-SlUNAC
_bspa
_erda
041 _aspa
082 _a158.1
_bC838s
100 _aCovey, Stephen R.
_eAutor
245 0 _aLos 7 hábitos de las familias altamente efectivas /
_cpor Stephen R. Covey [Autor]
264 _aCiudad de México :
_bGrijalbo,
_c℗1995.
300 _a1 volumen
520 _aEn "Los 7 hábitos de las familias altamente efectivas", Stephen R. Covey presenta un enfoque integral para fortalecer las relaciones familiares y fomentar un ambiente de cooperación y crecimiento. A través de siete hábitos fundamentales, Covey guía a los lectores en el desarrollo de principios y prácticas que promueven la comunicación efectiva, la resolución de conflictos y el establecimiento de objetivos compartidos. Cada hábito se fundamenta en la idea de que las familias deben ser proactivas, centrarse en lo importante, y buscar el entendimiento mutuo. Covey enfatiza la necesidad de cultivar la empatía y la confianza, así como de fomentar la interdependencia en lugar de la dependencia. Además, proporciona herramientas prácticas y reflexiones que invitan a los miembros de la familia a trabajar juntos hacia un propósito común. En conjunto, el libro ofrece un marco valioso para construir familias resilientes y unidas, capaces de enfrentar los desafíos de la vida moderna con eficacia y armonía.
653 _aDesarrollo personal
653 _aEfectividad
653 _aFamilia
942 _b2026/02/17
_cBK
999 _c6806
_d6806